00466nam a2200193Ia 4500008004100000020001800041050001400059100002100073245002800094245002100122260001500143260001600158260000900174300001400183300002700197300001000224440003000234500000800264170918s9999 xx 000 0 und d a9780545215794 bB852 1975 aBridwell, Norman aClifford's good deeds / cNorman Bridwell. aNew York : bScholastic, c1975 aunpaged : bcolored illustration ; c20cm. aClifford the big red dog. a410